| 000 | 00000nam##2200000za#4500 |
| 001 | 9.693516 |
| 003 | CaOODSP |
| 005 | 20210624233712 |
| 007 | cr ||||||||||| |
| 008 | 150407|2002||||xxc|||||o f|0| 0 eng|d |
| 040 | |aCaOODSP|beng |
| 043 | |an-cn--- |
| 086 | 1 |aA21-44/2002E-PDF |
| 110 | 1 |aCanada.|bAgriculture and Agri-Food Canada. |bStrategic Policy Branch. |
| 245 | 10|aFarm income, financial conditions and government assistance : |h[electronic resource]|bdata book / |cIssued by the Farm Income and Adaptation Policy Directorate. |
| 260 | |aOttawa - Ontario : |bAgriculture and Agri-Food Canada. |c2002. |
| 300 | |a92p.|bfigs., graphs, tables |
| 500 | |aThe catalogue number (A21-44/2002) copied in this electronic publication is incorrect. |
| 546 | |aEnglish |
| 590 | |a10-05-Supp|b2010-07-20 |
| 690 | 07|aFarming|2gcpds |
| 690 | 07|aIncome|2gcpds |
| 775 | 08|tRevenu agricole, situation financière et aide gouvernementale : |w(CaOODSP)9.637694 |
| 776 | 0#|tFarm income, financial conditions and government assistance : |w(CaOODSP)9.663687 |
| 776 | 0#|tRevenu agricole, situation financière et aide gouvernementale : |w(CaOODSP)9.663688 |
| 856 | 40|ahttp://publications.gc.ca|qPDF|s2315 KB|uhttps://publications.gc.ca/collections/Collection/A21-44-2002E.pdf |